La señora de Villemor / (Record no. 157616)

MARC details
000 -LEADER
campo de control de longitud fija 00676nam a22001815i 4500
001 - NÚMERO DE CONTROL
campo de control 157616
003 - IDENTIFICADOR DE NÚMERO DE CONTROL
campo de control ES-MaACL
005 - FECHA Y HORA DE LA ÚLTIMA TRANSACCIÓN
campo de control 20250825063339.0
008 - DATOS DE LONGITUD FIJA--INFORMACIÓN GENERAL
campo de control de longitud fija 040902q18801900sp |||| | spa d
040 ## - FUENTE DE CATALOGACIÓN
Centro catalogador/agencia de origen CAM
Lengua de catalogación spa
Centro/agencia transcriptor CAM
100 1# - ENTRADA PRINCIPAL--NOMBRE DE PERSONA
Nombre de persona Létang, Louis,
Fechas asociadas al nombre 1855-1938
9 (RLIN) 129185
245 13 - MENCIÓN DEL TÍTULO
Título La señora de Villemor /
Mención de responsabilidad, etc. por Luis Létang; versión castellana de C.F.
260 ## - PUBLICACIÓN, DISTRIBUCIÓN, ETC.
Lugar de publicación, distribución, etc. Madrid :
Nombre del editor, distribuidor, etc. La España Editorial,
Fecha de publicación, distribución, etc. [s.a.] (
Fabricante Imprenta de Enrique Rubiños)
300 ## - DESCRIPCIÓN FÍSICA
Extensión 289 p. ;
Dimensiones 19 cm.
596 ## - NOTA AL PIE DE IMPRENTA
NOTA AL PIE DE IMPRENTA Impreso ca. a finales del S. XIX.
852 ## - LOCALIZACIÓN
Ubicación ES-MaACL
Número de control de estantería D-1809
Nota libre -- Enc. hol., conservando la cub. original
-- -- Legado de M. de la Fuente
Holdings
Estatus retirado Estado de pérdida Estado de daño No para préstamo Biblioteca de origen Biblioteca actual Ubicación en estantería Fecha de adquisición Fuente de adquisición Total de préstamos Signatura topográfica completa Código de barras Visto por última vez Precio de reemplazo Tipo de ítem Koha
        Biblioteca del Ateneo de Madrid Biblioteca del Ateneo de Madrid Sala Valle Inclán 17/01/2008     D-1809 901164941 23/02/2023 23/02/2023 Libro impreso